000 00311nam a22001337a 4500
008 171011b xxu||||| |||| 00| 0 eng d
020 _a2901412978100
041 _aeng
080 _22ND
_a316
100 _a50
101 _aSOC
245 _aHOW CAN WE SOLVE OUR SOCIAL PROBLEMS?
_cCRONE,J.A
942 _2udc
_cBK
999 _c33107
_d33107